ARRUPE JESUIT UNIVERSITY

CORONAVIRUS -STOP THE SPREAD - CLEAN,DISINFECT,COVER

Goethe egmont dichtung und wirklichkeit (Record no. 125575)

MARC details
000 -LEADER
fixed length control field 00443nam a22001457a 4500
005 - DATE AND TIME OF LATEST TRANSACTION
control field 20161025121503.0
008 - FIXED-LENGTH DATA ELEMENTS--GENERAL INFORMATION
fixed length control field 161025b xxu||||| |||| 00| 0 eng d
050 ## - LIBRARY OF CONGRESS CALL NUMBER
Classification number PT1915.E1B7
100 ## - MAIN ENTRY--PERSONAL NAME
Personal name Goethe, Johana W.
9 (RLIN) 26973
245 ## - TITLE STATEMENT
Title Goethe egmont dichtung und wirklichkeit
Statement of responsibility, etc by Goethe, Johana W.
260 ## - PUBLICATION, DISTRIBUTION, ETC. (IMPRINT)
Place of publication, distribution, etc Frankfurt
Name of publisher, distributor, etc Verlag Ullstein
Date of publication, distribution, etc 1969
300 ## - PHYSICAL DESCRIPTION
Extent 175p.;
Dimensions 18cm.
700 ## - ADDED ENTRY--PERSONAL NAME
Personal name Bruck, Max von
Titles and other words associated with a name ed.
9 (RLIN) 26974
942 ## - ADDED ENTRY ELEMENTS (KOHA)
Source of classification or shelving scheme Library of Congress Classification
Item type Monograph ( Printed materials)
Holdings
Withdrawn status Lost status Source of classification or shelving scheme Damaged status Not for loan Collection code Home library Current library Shelving location Date acquired Total Checkouts Full call number Barcode Date last seen Price effective from Koha item type
    Library of Congress Classification     Main Collection ARRUPE LIBRARY ARRUPE LIBRARY Main Collection 25/10/2016   PT1915.E1B7 46500010764 02/07/2019 25/10/2016 Monograph ( Printed materials)

 

Arrupe Library. PO Box MP320 Mt Pleasant, Harare, Zimbabwe
263 242 745411|librarian@aju.ac.zw